Political ideas of Dr. Ram Manohar Lohia (Record no. 395040)

MARC details
000 -LEADER
fixed length control field 00602 a2200217 4500
005 - DATE & TIME
control field 20260212112039.0
008 - FIXED-LENGTH DATA ELEMENTS--GENERAL INFORMATION
fixed length control field 260210b |||||||| |||| 00| 0 eng d
020 ## - ISBN
International Standard Book Number 9788126936663
Price Rs. 1195.00
040 ## - CATALOGING SOURCE
Original cataloging agency VIVEKANANDA LIBRARY
082 ## - DDC NUMBER
Classification number 320.092
Book Number L831P:P(2)
100 ## - MAIN ENTRY--PERSONAL NAME
Personal name Prasad, Chandradeo
245 ## - TITLE STATEMENT
Title Political ideas of Dr. Ram Manohar Lohia
250 ## - EDITION STATEMENT
Edition statement 2nd
260 ## - PUBLICATION, DISTRIBUTION, ETC. (IMPRINT)
Name of publisher, distributor, etc Atlantic Publishers and Distributors
Date of publication, distribution, etc 2025
Place of publication, distribution, etc New Delhi
300 ## - PHYSICAL DESCRIPTION
Pages xii, 265
650 ## - Subject
Subject Political Science
650 ## - Subject
Subject Political Thinkers
650 ## - Subject
Subject Political Theory
700 ## - Added Entry Personal Name
Added Entry Personal Name Lohia, Ram Manohar
942 ## - ADDED ENTRY ELEMENTS (KOHA)
Koha item type Books
Holdings
Withdrawn status Lost status Source of classification or shelving scheme Damaged status Not for loan Location (home branch) Sublocation or collection (holding branch) Shelving location Date acquired Koha issues (times borrowed) Koha full call number Accession No. Koha date last seen Koha item type
    Dewey Decimal Classification     VIVEKANANDA LIBRARY VIVEKANANDA LIBRARY Vivekananda Library 22/01/2026   320.092 L831P:P(2) 444410 22/01/2026 Books
© Designed and Maintained by Vivekananda Library, MDU Rohtak